| 000 | 00550nam a22001937a 4500 | ||
|---|---|---|---|
| 999 |
_c358219 _d358219 |
||
| 003 | IT-MiCISF | ||
| 005 | 20190404172155.0 | ||
| 008 | 190404b ||||| |||| 00| 0 eng d | ||
| 040 | _cIT-MiCISF | ||
| 041 | _ait | ||
| 100 |
_aVedovati Bruno _957769 |
||
| 245 | _aFormato famiglia. La situazione socio demografica della famiglia a Bergamo | ||
| 260 |
_aBergamo _bComune di Bergamo _c2013 |
||
| 300 | _app. 79 | ||
| 500 | _afamiglia, territorio, situazione-demografica | ||
| 650 |
_afamiglia _956036 |
||
| 654 | _aindagine | ||
| 942 |
_2ddc _cDD |
||